| 000 | 01224cam a2200325 a 4500 | ||
|---|---|---|---|
| 001 | 1744898 | ||
| 003 | ARRUPE | ||
| 005 | 20160209104811.0 | ||
| 007 | hduafa010bacp | ||
| 007 | hdubfa010baap | ||
| 007 | hdubfa010babp | ||
| 008 | 951004s1926 sa ab a 000 0 eng d | ||
| 035 | _a(OCoLC)ocm33241780 | ||
| 035 | _a(NNC)1744898 | ||
| 037 |
_a(NNC)MN96-82860-4 _bZCU |
||
| 040 |
_aPR1 _cPR1 _dZCU |
||
| 245 | 0 | 0 |
_aFarming opportunities in the Union of South Africa _ccompiled and published by the South African Railways & Harbours Administration in collaboration with the Department of Agriculture. |
| 250 | _aRev. ed. | ||
| 260 |
_aJohannesburg : _bSouth African Railways & Harbours, _c1922. |
||
| 300 |
_axx, 354 p. _bill., maps ; _c18 cm. |
||
| 533 |
_aMicrofilm. _bNew York, N.Y. : _cColumbia University Libraries, _d1996. _e1 microfilm reel ; 35 mm. |
||
| 583 |
_aFilmed; _fNEH Project (FMEST); _c1996. |
||
| 590 | _aMaster Negative: 96-82860-4. | ||
| 590 | _aNo. 4 on a reel of 12 titles. | ||
| 650 | 0 |
_aFarming _zSouth Africa. _921984 |
|
| 710 | 1 |
_aSouth Africa. _bDepartment of Railways and Harbours. _922081 |
|
| 710 | 1 |
_aSouth Africa. _bDepartment of Agriculture. _922082 |
|
| 942 |
_2lcc _cSPC |
||
| 999 |
_c124104 _d124104 |
||